000 01312cam a2200133 4500500
005 20251214002003.0
041 _afre
042 _adc
100 1 0 _aDeboulet, Agnès
_eauthor
245 0 0 _aSociétés urbaines : Au risque de la métropole
260 _bArmand Colin,
_c2022.
520 _a75 % de la population mondiale vivra en ville en 2050, soit près de 2 milliards de personnes de plus qu’aujourd’hui : face à cette internationalisation des flux et des migrations, les villes n’ont d’autre choix que de se restructurer, se rénover, et ces changements confrontent les citadins et les décideurs à des défis inédits. Cet ouvrage interroge la façon dont ces recompositions urbaines et sociétales majeures se donnent à voir et sont pensées par les décideurs et les habitants. En s'appuyant sur du matériel d’enquêtes de première main, menées dans des villes occidentales et des métropoles des pays émergents et pauvres, il présente comment l’urgence de ces adaptations modifie le rapport à la ville et la définition même des sociétés urbaines, et met en évidence l’émergence de nouvelles formes de démocratie locale issues d’initiatives citoyennes.
856 4 1 _uhttps://shs.cairn.info/societes-urbaines--9782200627348?lang=fr&redirect-ssocas=7080
999 _c1566651
_d1566651